Mestiçagem, racialização e gênero/

El texto expone las paradojas raciales en Brasil, en torno al mestizaje, la racialización; y los vínculos de estos con el género. El análisis se realiza vía revisión documental de autores que narran sobre la historia racial brasileña, desde diferentes perspectivas teóricas y prácticas sobre el tema....

Popoln opis

Shranjeno v:
Bibliografske podrobnosti
Glavni avtor: Costa, Rosely Gomes
Format: Knjiga
Jezik:Portuguese
Teme:
Oznake: Označite
Brez oznak, prvi označite!

MARC

LEADER 00000nam a22000007a 4500
003 cru CIDCACS/IIS
005 20200925161156.0
007 ta
008 161205b2009 bl ||||| |||| 00| 0 por d
999 |c 18796  |d 18796 
040 |c CRAI/IIS  |a CRAI/IIS 
100 1 |9 713  |a Costa, Rosely Gomes 
245 1 |a Mestiçagem, racialização e gênero/  |c Rosely Gomes Costa 
300 |a páginas 94-120: 
520 |a El texto expone las paradojas raciales en Brasil, en torno al mestizaje, la racialización; y los vínculos de estos con el género. El análisis se realiza vía revisión documental de autores que narran sobre la historia racial brasileña, desde diferentes perspectivas teóricas y prácticas sobre el tema. A esto se añaden los estudios de campo realizados por la autora, que establecen como resultado fundamental la dicotomía de dominación entre hombre blanco que se contrapone contra la mujer negra dominada, como paradigma dominante en cuanto a relaciones interraciales; que responden a las dinámicas del país acerca de una discusión inconclusa sobre los discursos de blanquitud versus los de mestizaje de las personas brasileñas, como forma de dominación.  
650 0 |9 25  |a ESTRATIFICACION SOCIAL  
650 0 |9 633  |a DISCRIMINACION RACIAL 
650 0 |9 2796  |a RELACIONES RACIALES 
650 0 |9 2964  |a GRUPOS ETNICOS 
650 0 |a RELACIONES DE GENERO  |9 2808 
650 0 |9 964  |a GENERO 
651 0 |9 387  |a BRASIL 
773 0 |0 18792  |9 200  |a Universidade Federal do Rio Grande do Sul.  |d Porto Alegre, Brasil: UFRGS. IFCH, 2007-  |o R07389  |t Sociologias /  |x 15174522 
942 |2 ddc  |c PP